Growing up Filipino: (Record no. 2375)
[ view plain ]
| 000 -LEADER | |
|---|---|
| fixed length control field | 00565nam a22001697a 4500 |
| 005 - DATE AND TIME OF LATEST TRANSACTION | |
| control field | 20250124071322.0 |
| 008 - FIXED-LENGTH DATA ELEMENTS--GENERAL INFORMATION | |
| fixed length control field | 250124b |||||||| |||| 00| 0 eng d |
| 020 ## - INTERNATIONAL STANDARD BOOK NUMBER | |
| International Standard Book Number | 0-9719458-0-2 |
| 082 ## - DEWEY DECIMAL CLASSIFICATION NUMBER | |
| Classification number | Fil. 808.3 G884 2003 |
| 245 ## - TITLE STATEMENT | |
| Title | Growing up Filipino: |
| Remainder of title | stories for young adults / |
| Statement of responsibility, etc. | collected and edited by Cecilia Manguerra Brainard |
| 260 ## - PUBLICATION, DISTRIBUTION, ETC. | |
| Place of publication, distribution, etc. | Santa Monica, CA: |
| Name of publisher, distributor, etc. | Palh, |
| Date of publication, distribution, etc. | c2003 |
| 300 ## - PHYSICAL DESCRIPTION | |
| Extent | xv, 298p.: |
| Other physical details | ill. |
| 541 ## - IMMEDIATE SOURCE OF ACQUISITION NOTE | |
| Accession number | 7728 c.1, 7729 c.2 |
| 650 ## - SUBJECT ADDED ENTRY--TOPICAL TERM | |
| Topical term or geographic name entry element | Young adults literature |
| 650 ## - SUBJECT ADDED ENTRY--TOPICAL TERM | |
| Topical term or geographic name entry element | Youth - Stories, plots, etc. |
| 700 ## - ADDED ENTRY--PERSONAL NAME | |
| Personal name | Brainard, Cecilia M. |
| Relator term | editor |
| Withdrawn status | Lost status | Source of classification or shelving scheme | Damaged status | Not for loan | Home library | Current library | Date acquired | Total Checkouts | Full call number | Barcode | Date last seen | Copy number | Price effective from | Koha item type |
|---|---|---|---|---|---|---|---|---|---|---|---|---|---|---|
| Dewey Decimal Classification | ctu-moalboal | ctu-moalboal | 02/19/2024 | Fil. 808.3 G884 2003 | 7728 | 01/24/2025 | 1 | 01/24/2025 | Books-Filipiniana | |||||
| Dewey Decimal Classification | ctu-moalboal | ctu-moalboal | 02/19/2024 | Fil. 808.3 G884 2003 | 7729 | 01/24/2025 | 2 | 01/24/2025 | Books-Filipiniana |